000 00490nam a22001817a 4500
005 20230905185804.0
008 230721b |||||||| |||| 00| 0 eng d
020 _a9781592532032
082 _a747.8893
_bLEC-O
100 _aLecky, Amanda
245 _aOutdoor kitchen
_b Designs for Outdoor Kitchens, Bars, and Dining Areas
260 _aUSA
_bQuayside Publishing
_c2005
300 _a159
500 _ainclude index
650 _aArchitecture
700 _aAmanda Lecky
999 _c33123
_d33123